| 000 | 00581nam a2200193 a 4500 | ||
|---|---|---|---|
| 001 | 000025641 | ||
| 005 | 20200930023934.0 | ||
| 008 | 110218s1969 ve a r 000 j spa d | ||
| 040 |
_aDO-SdBNP _bspa _cBNPHU |
||
| 082 |
_aNNN _bU47u |
||
| 100 | 1 |
_aAub, Max, _d1903-1972. _913819 |
|
| 245 | 1 | 0 |
_aLos últimos cuentos de la guerra de España / _cMax Aub. |
| 260 |
_aCaracas, (Venezuela) : _bMonte Ávila Editores, _c1969. |
||
| 300 |
_a344, [2] p. : _bil. ; _c20 cm. |
||
| 490 | 1 | _aPrisma | |
| 500 | _aIncluye notas al pie de las páginas | ||
| 830 | 0 |
_aPrisma _93770 |
|
| 049 | _aBNGR | ||
| 999 |
_c25133 _d25133 |
||